000 00733nas a2200253 454500
001 IICA0600292
003 BR-BrBNA
005 20260323111503.0
007 ta
008 260323b bl.|||p| |||| 00| 00por d
040 _aBR-BrBNA
_bpor
_cBiblioteca Nacional de Agricultura
041 _a(Es, En)
072 _aP01; E70
100 1 _aAguirre, J.A.
245 1 _aEl medio ambiente, el comercio y el ALCA ; The environment, trade and the FTAA
300 _av. 2 (8) p. 48-58
650 _aMEIO AMBIENTE
650 _aPRESERVACAO DA NATUREZA
650 _aCOMERCIO
650 _aALCA
773 0 _tCOMUNIICA (IICA)
_g1998, v. 2 (8) p. 48-58
_wIICA0600292
909 _a202603
_bLúcia
_c55
_dLúcia Elande
942 _2IICA
_n0
_cANA
999 _c340544
_d340544